| 000 | 00424cam a2200169ua 4500 | ||
|---|---|---|---|
| 020 | _c20.50 | ||
| 041 |
_aeng _h |
||
| 082 |
_a537 _bART/FU |
||
| 100 | _aArthar, F . | ||
| 245 |
_aFundamentals of electricity and magnetism / _cF Arthar. _hTextual Documents |
||
| 260 |
_aNew York : _bMcGraw Hill Book Company , _c1963. |
||
| 300 | _a406 ; . | ||
| 365 | _a20.50 | ||
| 504 | _a | ||
| 942 | _cBK | ||
| 999 |
_c3142 _d3142 |
||